[Event "Stepichev Memorial-A 14th"]
[Site "Kiev"]
[Date "2006.12.30"]
[Round "4"]
[White "Grinev, Valeriy"]
[Black "Gordenko, Dmitry"]
[Result "1-0"]
[WhiteElo "2249"]
[BlackElo "2375"]
[PlyCount "115"]
[EventDate "2006.12.27"]
[EventType "tourn"]
[EventRounds "11"]
[EventCountry "UKR"]
[EventCategory "2"]
[SourceTitle "EXT 2008"]
[Source "ChessBase"]
[SourceDate "2007.11.25"]
[SourceVersion "1"]
[SourceVersionDate "2007.11.25"]
[SourceQuality "1"]

1. d4 f5 2. Nf3 e6 3. g3 Nf6 4. Bg2 d5 5. 0-0 Bd6 6. c4 c6 7. Bf4 Bxf4 8. gxf4 0-0 9. e3 Nbd7 10. Ne5 Ne4 11. Qc2 Kh8 12. f3 Nd6 13. c5 Nf7 14. Nd3 Rg8 15. Nc3 g5 16. b4 h5 17. Kh1 h4 18. Rg1 Nf6 19. fxg5 Rxg5 20. Qf2 Rh5 21. Bf1 Rh6 22. Be2 Nh5 23. Rg2 Ng3+ 24. Kg1 Ng5 25. Nf4 Nh5 26. Kf1 Nxf4 27. exf4 Nh3 28. Qe3 Qc7 29. Qe5+ Qxe5 30. fxe5 Nf4 31. Rg1 Nh3 32. Rg2 Nf4 33. Rg1 Nh3 34. Rh1 Bd7 35. Kg2 Nf4+ 36. Kf2 Rg8 37. Bf1 Rhg6 38. Ke3 Nh5 39. Ne2 Kh7 40. Bh3 Be8 41. Rhg1 Rxg1 42. Rxg1 Rxg1 43. Nxg1 Kh6 44. f4 Ng7 45. Nf3 Kh5 46. Bf1 Bd7 47. Ng5 Kg6 48. Be2 Ne8 49. Kf2 Nc7 50. Kg2 a6 51. Kh3 Be8 52. Kxh4 Kh6 53. Nh3 Bd7 54. a4 Be8 55. Nf2 a5 56. bxa5 Na6 57. Bxa6 bxa6 58. Nd3 1-0

[Event "Stepichev Memorial-A 14th"]
[Site "Kiev"]
[Date "2006.12.27"]
[Round "1"]
[White "Gordenko, Dmitry"]
[Black "Golichenko, Ilja"]
[Result "0-1"]
[WhiteElo "2375"]
[BlackElo "2289"]
[PlyCount "78"]
[EventDate "2006.12.27"]
[EventType "tourn"]
[EventRounds "11"]
[EventCountry "UKR"]
[EventCategory "2"]
[SourceTitle "EXT 2008"]
[Source "ChessBase"]
[SourceDate "2007.11.25"]
[SourceVersion "1"]
[SourceVersionDate "2007.11.25"]
[SourceQuality "1"]

1. d4 Nf6 2. c4 e6 3. g3 d5 4. Nf3 Be7 5. Bg2 0-0 6. 0-0 dxc4 7. Ne5 Nc6 8. Nxc6 bxc6 9. Qc2 Qxd4 10. Be3 Qe5 11. Bf4 Qc5 12. Nd2 Ba6 13. Rfc1 Ng4 14. Ne4 Qa5 15. h3 Ne5 16. Bd2 Bb4 17. Ng5 g6 18. Bxb4 Qxb4 19. Qe4 Qb5 20. a4 Qa5 21. Qh4 h5 22. g4 Kg7 23. Rd1 c3 24. gxh5 cxb2 25. h6+ Kg8 26. Rab1 Bxe2 27. f4 Nd3 28. Ne4 Qf5 29. Rxd3 Bxd3 30. Rxb2 Bxe4 31. Bxe4 Qc5+ 32. Kh2 Qh5 33. Qf6 Qxh6 34. Rg2 Qg7 35. Qe7 Rab8 36. h4 Rb2 37. Bc2 Qc3 38. Rxg6+ fxg6 39. Qxe6+ Kh8 0-1

[Event "Stepichev Memorial 13th"]
[Site "Kiev"]
[Date "2006.01.16"]
[Round "10"]
[White "Gordenko, Dmitry"]
[Black "Kosikov, Alexey I"]
[Result "1-0"]
[WhiteElo "2375"]
[BlackElo "2427"]
[PlyCount "111"]
[EventDate "2006.01.08"]
[EventType "tourn"]
[EventRounds "11"]
[EventCountry "UKR"]
[EventCategory "2"]
[SourceTitle "CBM 110 Extra"]
[Source "ChessBase"]
[SourceDate "2006.03.10"]
[SourceVersion "2"]
[SourceVersionDate "2006.03.10"]
[SourceQuality "1"]

1. d4 Nf6 2. c4 g6 3. Nc3 Bg7 4. e4 d6 5. f3 c6 6. Nge2 a6 7. Be3 b5 8. Nc1 0-0 9. Qd2 bxc4 10. Bxc4 d5 11. exd5 cxd5 12. Be2 Nc6 13. Nb3 a5 14. Nb5 a4 15. Nc5 Nd7 16. Rc1 Qb6 17. 0-0 e6 18. Kh1 Nxc5 19. Rxc5 Bd7 20. Rfc1 Ne7 21. Bf4 Bxb5 22. Bxb5 a3 23. Bc7 Qa7 24. b4 Nf5 25. Be5 Qe7 26. Rc7 Qd8 27. Bf1 Bh6 28. Bf4 Bxf4 29. Qxf4 Qf6 30. Rd1 Rac8 31. Ra7 Rc3 32. b5 Qd8 33. Qd2 Qc8 34. b6 Rc2 35. Qd3 Rb2 36. Rxa3 Rxb6 37. Rc3 Qa8 38. Ra1 Rb4 39. Rb3 Rxd4 40. Qb1 Rc8 41. Qb2 Qa5 42. Rb7 e5 43. Rb5 Qd2 44. Qxd2 Rxd2 45. a4 Ne3 46. a5 Nxf1 47. a6 Ra8 48. a7 Kg7 49. Rb8 Rxa7 50. Rxa7 Ne3 51. h3 Nxg2 52. Rbb7 h5 53. Rxf7+ Kh6 54. Rae7 Re2 55. f4 e4 56. Rh7# 1-0

[Event "Stepichev Memorial 13th"]
[Site "Kiev"]
[Date "2006.01.15"]
[Round "9"]
[White "Kosikov, Andrey"]
[Black "Gordenko, Dmitry"]
[Result "0-1"]
[WhiteElo "2132"]
[BlackElo "2375"]
[PlyCount "68"]
[EventDate "2006.01.08"]
[EventType "tourn"]
[EventRounds "11"]
[EventCountry "UKR"]
[EventCategory "2"]
[SourceTitle "CBM 110 Extra"]
[Source "ChessBase"]
[SourceDate "2006.03.10"]
[SourceVersion "2"]
[SourceVersionDate "2006.03.10"]
[SourceQuality "1"]

1. c4 e5 2. Nc3 Nc6 3. g3 d6 4. Bg2 Be6 5. d3 Qd7 6. Rb1 Nge7 7. b4 d5 8. b5 Nd8 9. Nf3 f6 10. Nd2 Bh3 11. Bf3 dxc4 12. Nxc4 Nf5 13. Be3 Nxe3 14. fxe3 Bc5 15. Ne4 Be7 16. Qb3 a6 17. a4 a5 18. Kf2 Be6 19. Rhd1 f5 20. Nc3 h5 21. d4 e4 22. d5 Bg8 23. Bg2 Bc5 24. Rbc1 Rh6 25. b6 cxb6 26. Nb5 Nf7 27. Qb2 Kf8 28. Nd4 Qxd5 29. Bh3 Rf6 30. Kg2 Ne5 31. Nxb6 Rxb6 32. Nb5 Nd3 33. Qc3 Rc6 34. Bxf5 Bb4 0-1

[Event "UKR Universiad B1 6th"]
[Site "Evpatoria"]
[Date "2003.05.14"]
[Round "4"]
[White "Solodovnichenko, Yuri"]
[Black "Gordenko, Dmitry"]
[Result "1-0"]
[WhiteElo "2537"]
[BlackElo "2375"]
[PlyCount "75"]
[EventDate "2003.05.13"]
[EventType "swiss"]
[EventRounds "9"]
[EventCountry "UKR"]
[SourceTitle "EXT 2008"]
[Source "ChessBase"]
[SourceDate "2007.11.25"]
[SourceVersion "1"]
[SourceVersionDate "2007.11.25"]
[SourceQuality "1"]

1. e4 Nc6 2. Nf3 Nf6 3. e5 Nd5 4. d4 d6 5. c4 Nb6 6. exd6 exd6 7. h3 Bf5 8. Be2 Be7 9. 0-0 Nb4 10. Na3 0-0 11. Be3 h6 12. Qd2 Nc6 13. d5 Ne5 14. Nd4 Bh7 15. Rac1 Bf6 16. Rfd1 Ned7 17. b4 a5 18. bxa5 Na4 19. Nab5 Nac5 20. Nb3 Ne4 21. Qb4 Re8 22. Bd3 Bg5 23. Bxg5 Qxg5 24. Nxc7 Ne5 25. Be2 Bf5 26. Qe1 Bxh3 27. Qf1 Rac8 28. Nxe8 Rxe8 29. f4 Qg3 30. fxe5 Qe3+ 31. Kh2 Qg3+ 32. Kh1 Rxe5 33. Bf3 Bg4 34. Bxe4 Qe3 35. Bh7+ Kh8 36. Qxf7 Kxh7 37. Re1 Be2 38. Qf3 1-0

[Event "Nabokov Memorial 1st"]
[Site "Kiev"]
[Date "2003.??.??"]
[Round "7"]
[White "Chokhonelidze, Giorgi"]
[Black "Gordenko, Dmitry"]
[Result "0-1"]
[WhiteElo "2350"]
[BlackElo "2345"]
[PlyCount "72"]
[EventDate "2003.04.??"]
[EventType "tourn"]
[EventRounds "14"]
[EventCountry "UKR"]
[EventCategory "1"]
[SourceTitle "EXT 2005"]
[Source "ChessBase"]
[SourceDate "2004.11.15"]
[SourceVersion "1"]
[SourceVersionDate "2004.11.15"]
[SourceQuality "1"]

1. e4 d5 2. exd5 Nf6 3. Bb5+ Bd7 4. Be2 Nxd5 5. d4 Bf5 6. Nf3 e6 7. 0-0 Be7 8. a3 0-0 9. c4 Nb6 10. Nc3 Nc6 11. Bf4 Bf6 12. Nb5 Rc8 13. Ne5 Bxe5 14. dxe5 a6 15. Nc3 Nd4 16. Rc1 c5 17. Re1 Nxe2+ 18. Nxe2 Qxd1 19. Rexd1 Rfd8 20. b3 Bc2 21. Rxd8+ Rxd8 22. Nc3 Bxb3 23. Ne4 Bxc4 24. Nd6 Bd5 25. Rxc5 Bc6 26. Bg5 Rb8 27. f4 Nd5 28. f5 h6 29. Bh4 Rf8 30. g4 Nf4 31. Be7 Rb8 32. Nc4 Nd3 33. Bd6 Re8 34. Ra5 Bb5 35. Ne3 b6 36. Rxb5 axb5 0-1

[Event "Nabokov Memorial 1st"]
[Site "Kiev"]
[Date "2003.??.??"]
[Round "14"]
[White "Gordenko, Dmitry"]
[Black "Chokhonelidze, Giorgi"]
[Result "1-0"]
[WhiteElo "2345"]
[BlackElo "2350"]
[PlyCount "70"]
[EventDate "2003.04.??"]
[EventType "tourn"]
[EventRounds "14"]
[EventCountry "UKR"]
[EventCategory "1"]
[SourceTitle "EXT 2005"]
[Source "ChessBase"]
[SourceDate "2004.11.15"]
[SourceVersion "1"]
[SourceVersionDate "2004.11.15"]
[SourceQuality "1"]

1. d4 Nf6 2. c4 c5 3. d5 e6 4. Nc3 exd5 5. cxd5 d6 6. e4 g6 7. Nge2 Bg7 8. Ng3 a6 9. a4 Nbd7 10. Be2 Rb8 11. 0-0 0-0 12. Bg5 Qc7 13. Qd2 Re8 14. Rac1 Qa5 15. Bh6 b5 16. axb5 axb5 17. Bxg7 Kxg7 18. Qg5 Kh8 19. Bd3 c4 20. Bb1 Ba6 21. Rfe1 Qd8 22. Nce2 Ne5 23. Qd2 Nfd7 24. f4 Qb6+ 25. Kh1 Ng4 26. Nd4 Nc5 27. h3 Nf6 28. Rcd1 Bb7 29. Nf3 Kg8 30. Qc3 Ncd7 31. Nh2 Rbc8 32. Rc1 b4 33. Qf3 Qd4 34. Re2 c3 35. bxc3 bxc3 1-0

[Event "Nabokov Memorial 1st"]
[Site "Kiev"]
[Date "2003.??.??"]
[Round "1"]
[White "Gordenko, Dmitry"]
[Black "Ianovsky, Alexander"]
[Result "1-0"]
[WhiteElo "2345"]
[BlackElo "2231"]
[PlyCount "94"]
[EventDate "2003.04.??"]
[EventType "tourn"]
[EventRounds "14"]
[EventCountry "UKR"]
[EventCategory "1"]
[SourceTitle "EXT 2005"]
[Source "ChessBase"]
[SourceDate "2004.11.15"]
[SourceVersion "1"]
[SourceVersionDate "2004.11.15"]
[SourceQuality "1"]

1. d4 e6 2. c4 b6 3. Nf3 Bb7 4. g3 f5 5. Bg2 Bb4+ 6. Bd2 Bxd2+ 7. Qxd2 Nf6 8. 0-0 0-0 9. Nc3 Ne4 10. Qc2 Nxc3 11. Qxc3 Qc8 12. Rad1 Be4 13. Rfe1 Qb7 14. Bh3 c5 15. dxc5 bxc5 16. Ne5 Qc7 17. Rd2 Rd8 18. Red1 Nc6 19. Nxc6 Bxc6 20. Rd6 Rab8 21. Qd2 a5 22. Qc3 a4 23. R1d2 Bd5 24. R6xd5 exd5 25. Rxd5 Qb6 26. Bxf5 Qxb2 27. Qd3 h6 28. Kg2 Qxa2 29. Bxd7 Kh8 30. Qg6 Qxc4 31. e4 Rf8 32. Bf5 Rxf5 33. Qxf5 a3 34. Rxc5 Qb3 35. Ra5 Qb2 36. Qd5 Rf8 37. Qc5 Rf7 38. Rxa3 Rxf2+ 39. Qxf2 Qxa3 40. Qf5 Qe7 41. e5 Qb7+ 42. Kh3 Qe7 43. e6 Kg8 44. Kg4 Qe8 45. h4 Qe7 46. Qe5 Kh8 47. Kf4 Kg8 1-0

[Event "Nabokov Memorial 1st"]
[Site "Kiev"]
[Date "2003.??.??"]
[Round "11"]
[White "Gordenko, Dmitry"]
[Black "Kislinsky, Alexey"]
[Result "1-0"]
[WhiteElo "2345"]
[BlackElo "2392"]
[PlyCount "125"]
[EventDate "2003.04.??"]
[EventType "tourn"]
[EventRounds "14"]
[EventCountry "UKR"]
[EventCategory "1"]
[SourceTitle "EXT 2005"]
[Source "ChessBase"]
[SourceDate "2004.11.15"]
[SourceVersion "1"]
[SourceVersionDate "2004.11.15"]
[SourceQuality "1"]

1. d4 d5 2. c4 e6 3. Nf3 c5 4. cxd5 exd5 5. Nc3 Nc6 6. g3 Nf6 7. Bg2 Be7 8. 0-0 0-0 9. b3 Bg4 10. dxc5 Bxc5 11. Na4 Be7 12. Bb2 Rc8 13. Rc1 Re8 14. h3 Bh5 15. a3 Ne4 16. b4 Qd7 17. Re1 b5 18. Nc5 Nxc5 19. bxc5 Bd8 20. Nd4 Nxd4 21. Bxd4 a6 22. Qd2 Bg6 23. Red1 Be4 24. Be3 Bc7 25. Bxe4 Rxe4 26. Qxd5 Qxd5 27. Rxd5 Bxg3 28. Kg2 Bc7 29. Rd4 Rxd4 30. Bxd4 f6 31. Kf3 Kf7 32. e3 Ke6 33. Ke4 Bd8 34. Kd3 Be7 35. f3 Rc6 36. Rc2 g6 37. e4 Rc8 38. Rc1 Kd7 39. a4 Kc6 40. axb5+ axb5 41. Ra1 Bd8 42. Ra7 h5 43. Kc3 f5 44. Kb4 fxe4 45. fxe4 g5 46. Ra6+ Kd7 47. Kxb5 Rb8+ 48. Kc4 Rb1 49. Rh6 h4 50. Kd5 Rb3 51. e5 Rxh3 52. e6+ Ke8 53. Rh8+ Ke7 54. Rh7+ Ke8 55. Kd6 Rf3 56. e7 Bxe7+ 57. Rxe7+ Kf8 58. Rh7 Rd3 59. Kd5 Ke8 60. c6 Kd8 61. Ke4 Ra3 62. c7+ Kc8 63. Be5 1-0

[Event "Nabokov Memorial 1st"]
[Site "Kiev"]
[Date "2003.??.??"]
[Round "13"]
[White "Gusev, Leonid"]
[Black "Gordenko, Dmitry"]
[Result "1/2-1/2"]
[WhiteElo "2146"]
[BlackElo "2345"]
[PlyCount "93"]
[EventDate "2003.04.??"]
[EventType "tourn"]
[EventRounds "14"]
[EventCountry "UKR"]
[EventCategory "1"]
[SourceTitle "EXT 2005"]
[Source "ChessBase"]
[SourceDate "2004.11.15"]
[SourceVersion "1"]
[SourceVersionDate "2004.11.15"]
[SourceQuality "1"]

1. c4 e6 2. Nf3 f5 3. g3 Nf6 4. Bg2 d5 5. d4 c6 6. 0-0 Bd6 7. Bf4 Bxf4 8. gxf4 0-0 9. e3 Nbd7 10. Qe2 Ne4 11. Nbd2 Qe7 12. Kh1 Ndf6 13. Nxe4 fxe4 14. Ne5 Nd7 15. Nxd7 Bxd7 16. f3 exf3 17. Bxf3 Rf6 18. Rg1 Kh8 19. Rg3 Rg8 20. Rag1 Be8 21. a3 Bg6 22. b4 Bf5 23. c5 Qd8 24. Rg5 Rh6 25. R1g3 Rh4 26. Rh5 Rxh5 27. Bxh5 Be4+ 28. Bf3 Bxf3+ 29. Qxf3 Qf6 30. Rg5 h6 31. Qh5 Kh7 32. Qh3 Re8 33. Re5 Qg6 34. e4 dxe4 35. Qe3 Rf8 36. Qxe4 Qxe4+ 37. Rxe4 Rf6 38. Kg2 Kg6 39. Kg3 Kf7 40. Re1 Rf5 41. a4 Rd5 42. Re4 a6 43. h4 Kf6 44. Kg4 Rd8 45. Kf3 Rd5 46. Kg4 Rd8 47. Kf3 1/2-1/2

[Event "UKR-ch U20 sf"]
[Site "Kiev"]
[Date "2002.12.12"]
[Round "5"]
[White "Spiridonov, Nikolai"]
[Black "Gordenko, Dmitry"]
[Result "0-1"]
[WhiteElo "2182"]
[BlackElo "2345"]
[PlyCount "76"]
[EventDate "2002.12.07"]
[EventType "swiss"]
[EventRounds "9"]
[EventCountry "UKR"]
[SourceTitle "EXT 2004"]
[Source "ChessBase"]
[SourceDate "2003.11.25"]
[SourceVersion "1"]
[SourceVersionDate "2003.11.25"]
[SourceQuality "1"]

1. e4 d5 2. exd5 Nf6 3. Bb5+ Bd7 4. Be2 Nxd5 5. d4 Bf5 6. Nf3 e6 7. 0-0 Be7 8. a3 a5 9. c4 Nb6 10. Be3 0-0 11. Nc3 Nc6 12. h3 Bf6 13. Qd2 h6 14. b3 Qe7 15. c5 Nd5 16. Nxd5 exd5 17. b4 axb4 18. axb4 Qe6 19. b5 Ne7 20. Bf4 Qd7 21. Ne5 Bxe5 22. Bxe5 Ng6 23. Bg3 Be4 24. b6 cxb6 25. cxb6 Qe6 26. Qb2 Rxa1 27. Rxa1 Rc8 28. Ba6 Rc6 29. Bxb7 Rxb6 30. Qa3 Kh7 31. Ba6 Qf6 32. Qa4 h5 33. Bf1 h4 34. Bh2 Rb2 35. f3 Bxf3 36. Kh1 Be4 37. Qd7 Rf2 38. Qb5 Qg5 0-1

[Event "Chigorin Memorial-B 10th"]
[Site "St Petersburg"]
[Date "2002.10.26"]
[Round "2"]
[White "Novikova, Anna"]
[Black "Gordenko, Dmitry"]
[Result "1-0"]
[WhiteElo "2206"]
[BlackElo "2364"]
[PlyCount "75"]
[EventDate "2002.10.25"]
[EventType "swiss"]
[EventRounds "9"]
[EventCountry "RUS"]
[SourceTitle "EXT 2003"]
[Source "ChessBase"]
[SourceDate "2002.11.25"]
[SourceVersion "1"]
[SourceVersionDate "2002.11.25"]
[SourceQuality "1"]

1. d4 e6 2. Nf3 f5 3. g3 Nf6 4. Bg2 d5 5. 0-0 Bd6 6. c4 c6 7. Nbd2 Nbd7 8. b3 Ne4 9. Bb2 Qf6 10. Ne1 0-0 11. Nd3 Qh6 12. Nf3 a5 13. Nfe5 Nxe5 14. dxe5 Be7 15. f3 Nc5 16. Bc1 Qh5 17. Ba3 b6 18. Nxc5 Bxc5+ 19. Bxc5 bxc5 20. cxd5 cxd5 21. Rc1 Ba6 22. Rxc5 a4 23. Re1 axb3 24. axb3 Qf7 25. e3 Rab8 26. Qa1 Qb7 27. Qa5 Qb6 28. Rec1 Rf7 29. Qxb6 Rxb6 30. Rc6 Rfb7 31. e4 fxe4 32. fxe4 d4 33. Bh3 d3 34. Bxe6+ Kf8 35. Rf1+ Ke8 36. Bd5 Rb8 37. Rc7 Rxb3 38. Bc6+ 1-0

[Event "Chigorin Memorial-B 10th"]
[Site "St Petersburg"]
[Date "2002.10.25"]
[Round "1"]
[White "Gordenko, Dmitry"]
[Black "Pogosian, Vladimir"]
[Result "0-1"]
[WhiteElo "2364"]
[BlackElo "2217"]
[PlyCount "84"]
[EventDate "2002.10.25"]
[EventType "swiss"]
[EventRounds "9"]
[EventCountry "RUS"]
[SourceTitle "EXT 2003"]
[Source "ChessBase"]
[SourceDate "2002.11.25"]
[SourceVersion "1"]
[SourceVersionDate "2002.11.25"]
[SourceQuality "1"]

1. d4 d6 2. c4 Nd7 3. Nc3 e5 4. d5 Be7 5. Nf3 f5 6. e4 f4 7. g3 g5 8. gxf4 gxf4 9. Bh3 Nf8 10. Bxc8 Qxc8 11. Bd2 Qh3 12. Nb5 Kd8 13. Qe2 a6 14. Nc3 Nd7 15. 0-0-0 Bf6 16. Rdg1 Ne7 17. Ng5 Bxg5 18. Rxg5 Nf6 19. c5 h6 20. Rg7 Nh5 21. Rgg1 dxc5 22. Na4 b6 23. Bc3 Re8 24. Rd1 Nc8 25. d6 cxd6 26. Rd3 f3 27. Rxf3 Nf4 28. Qd1 Qd7 29. Rg1 Kc7 30. Bd2 b5 31. Bxf4 bxa4 32. Bxh6 Nb6 33. Rg7 Re7 34. Rxe7 Qxe7 35. Rg3 Qe6 36. Qd2 Rh8 37. Bg7 Rxh2 38. b3 Qf7 39. Qg5 Rxf2 40. Kb1 Rf1+ 41. Kb2 Qf2+ 42. Ka3 Ra1 0-1

[Event "Kiev Independence Cup-A 2nd"]
[Site "Kiev"]
[Date "2002.08.21"]
[Round "9"]
[White "Gordenko, Dmitry"]
[Black "Marusenko, Petr"]
[Result "1-0"]
[WhiteElo "2347"]
[BlackElo "2321"]
[PlyCount "95"]
[EventDate "2002.08.??"]
[EventType "swiss"]
[EventRounds "11"]
[EventCountry "UKR"]
[SourceTitle "EXT 2003"]
[Source "ChessBase"]
[SourceDate "2002.11.25"]
[SourceVersion "1"]
[SourceVersionDate "2002.11.25"]
[SourceQuality "1"]

1. d4 d5 2. c4 c6 3. Nf3 Nf6 4. Qc2 g6 5. cxd5 cxd5 6. Nc3 Nc6 7. Bf4 Bg7 8. e3 0-0 9. Be2 Bf5 10. Qb3 Na5 11. Qb4 Rc8 12. 0-0 Re8 13. Ne5 Bf8 14. Bb5 Nc6 15. Qb3 Bd7 16. Nxd7 Qxd7 17. Be5 Red8 18. Bxf6 exf6 19. a3 f5 20. Rfd1 a6 21. Be2 Na5 22. Qa2 Nc4 23. Bf3 Qe6 24. Rac1 b5 25. a4 b4 26. Nxd5 Nd2 27. Rxc8 Nxf3+ 28. gxf3 Rxc8 29. Qb3 Kg7 30. Re1 Bd6 31. e4 fxe4 32. fxe4 Qg4+ 33. Kh1 Qh4 34. e5 Qxf2 35. Qg3 Qxd4 36. Ne3 Qxe5 37. Qh3 Qe4+ 38. Ng2 Qd5 39. Qxc8 Qh5 40. h3 Qg5 41. Qg4 Qc5 42. Qd7 Be5 43. Qd2 Bg3 44. Qe3 Qd6 45. Rf1 Be5 46. b3 Bf6 47. Qf3 Qe6 48. Nf4 1-0

[Event "Kiev Independence Cup-A 2nd"]
[Site "Kiev"]
[Date "2002.08.19"]
[Round "7"]
[White "Gordenko, Dmitry"]
[Black "Dolzhikova, Kateryna"]
[Result "1-0"]
[WhiteElo "2347"]
[BlackElo "2156"]
[PlyCount "55"]
[EventDate "2002.08.??"]
[EventType "swiss"]
[EventRounds "11"]
[EventCountry "UKR"]
[SourceTitle "EXT 2003"]
[Source "ChessBase"]
[SourceDate "2002.11.25"]
[SourceVersion "1"]
[SourceVersionDate "2002.11.25"]
[SourceQuality "1"]

1. d4 Nf6 2. c4 c5 3. d5 b5 4. cxb5 a6 5. bxa6 d6 6. Nc3 Bxa6 7. g3 g6 8. Bg2 Bg7 9. Nf3 Nbd7 10. Rb1 Nb6 11. b3 0-0 12. 0-0 Ra7 13. a4 Qa8 14. Nh4 Rb8 15. Bb2 Nfd7 16. Ba1 Ne5 17. Qc2 c4 18. b4 Bb7 19. Rfd1 Ned7 20. a5 Bxc3 21. Qxc3 Ne5 22. axb6 Ra3 23. Qd4 Rc8 24. Bh3 f5 25. f4 c3 26. fxe5 c2 27. exd6 cxd1Q+ 28. Rxd1 1-0

[Event "Kiev Independence Cup-A 2nd"]
[Site "Kiev"]
[Date "2002.08.18"]
[Round "6"]
[White "Savchenko, Yuri"]
[Black "Gordenko, Dmitry"]
[Result "1-0"]
[WhiteElo "2139"]
[BlackElo "2347"]
[PlyCount "151"]
[EventDate "2002.08.??"]
[EventType "swiss"]
[EventRounds "11"]
[EventCountry "UKR"]
[SourceTitle "EXT 2003"]
[Source "ChessBase"]
[SourceDate "2002.11.25"]
[SourceVersion "1"]
[SourceVersionDate "2002.11.25"]
[SourceQuality "1"]

1. Nf3 e6 2. b3 f5 3. d4 Nf6 4. e3 d5 5. c4 c6 6. Bd3 Bd6 7. 0-0 Qe7 8. a4 a5 9. Ba3 Bxa3 10. Nxa3 0-0 11. Nc2 b6 12. Ne5 Bb7 13. cxd5 Nxd5 14. Qd2 Nd7 15. Nxd7 Qxd7 16. b4 axb4 17. Nxb4 Qd6 18. Nxd5 Qxd5 19. Be2 c5 20. Bf3 Qd7 21. Bxb7 Qxb7 22. dxc5 bxc5 23. Qc3 Rfc8 24. Qc4 Qd5 25. Rfc1 Ra5 26. h3 Rb8 27. Qc3 Rba8 28. Rd1 Qc6 29. Rac1 Rxa4 30. Qe5 Re4 31. Rxc5 Rxe5 32. Rxc6 Ra7 33. Kh2 Kf7 34. Rdd6 Kf6 35. Kg3 g5 36. Rd8 Re4 37. Rf8+ Rf7 38. Re8 Re7 39. Rxe7 Kxe7 40. Rc7+ Kf6 41. Rxh7 Kg6 42. Re7 Kf6 43. Re8 Kf7 44. Rb8 Kf6 45. Kf3 Ra4 46. g3 Kg6 47. Rd8 g4+ 48. hxg4 fxg4+ 49. Kg2 Ra1 50. Rg8+ Kh5 51. Rh8+ Kg5 52. Rg8+ Kh5 53. Re8 Ra6 54. Rb8 Kg5 55. Rb5+ Kf6 56. Rh5 Ra1 57. Rh6+ Kf5 58. Rh4 Rb1 59. Rh8 Ra1 60. Rg8 Ra4 61. Rf8+ Kg5 62. Rf4 Ra1 63. Rb4 Rc1 64. Rb7 Ra1 65. Rg7+ Kh5 66. Rc7 Kg5 67. Rh7 Rc1 68. Rh1 Rc2 69. Rd1 Kf5 70. Kf1 Ra2 71. Rd4 Ra1+ 72. Ke2 Ra2+ 73. Rd2 Rxd2+ 74. Kxd2 Ke4 75. Ke2 e5 76. f3+ 1-0

[Event "Kiev Independence Cup-B 2nd"]
[Site "Kiev"]
[Date "2002.08.04"]
[Round "9"]
[White "Vovk, Orest"]
[Black "Gordenko, Dmitry"]
[Result "0-1"]
[WhiteElo "2293"]
[BlackElo "2347"]
[PlyCount "57"]
[EventDate "2002.07.??"]
[EventType "swiss"]
[EventRounds "9"]
[EventCountry "UKR"]
[SourceTitle "EXT 2003"]
[Source "ChessBase"]
[SourceDate "2002.11.25"]
[SourceVersion "1"]
[SourceVersionDate "2002.11.25"]
[SourceQuality "1"]

1. g4 e5 2. Bg2 h5 3. d4 exd4 4. g5 Nc6 5. Nf3 Bc5 6. c3 dxc3 7. Nxc3 Nge7 8. Nh4 d6 9. g6 Nxg6 10. Nxg6 fxg6 11. Qc2 Bf5 12. e4 Be6 13. h4 0-0 14. Be3 Bxe3 15. fxe3 Bg4 16. Qb3+ Kh7 17. Qxb7 Ne5 18. Qd5 Qf6 19. Nd1 Rab8 20. Qd2 c5 21. Qc2 c4 22. Rb1 Nd3+ 23. Kd2 Bxd1 24. Rhxd1 Qf2+ 25. Kc3 Qxe3 26. Qd2 Qc5 27. Qg5 Qb4+ 28. Kc2 Rf2+ 29. Rd2 0-1

[Event "Kiev Independence Cup-B 2nd"]
[Site "Kiev"]
[Date "2002.07.29"]
[Round "3"]
[White "Chokhonelidze, Giorgi"]
[Black "Gordenko, Dmitry"]
[Result "1/2-1/2"]
[WhiteElo "2378"]
[BlackElo "2347"]
[PlyCount "32"]
[EventDate "2002.07.??"]
[EventType "swiss"]
[EventRounds "9"]
[EventCountry "UKR"]
[SourceTitle "EXT 2003"]
[Source "ChessBase"]
[SourceDate "2002.11.25"]
[SourceVersion "1"]
[SourceVersionDate "2002.11.25"]
[SourceQuality "1"]

1. e4 d5 2. exd5 Nf6 3. Bb5+ Bd7 4. Be2 Nxd5 5. d4 Bf5 6. Nf3 e6 7. 0-0 Be7 8. a3 a5 9. c4 Nb6 10. Nc3 0-0 11. Bf4 Nc6 12. Nb5 Bd6 13. Bg5 Be7 14. Bf4 Bd6 15. Bg5 Be7 16. Bf4 Bd6 1/2-1/2

[Event "Sakharov Memorial 1st"]
[Site "Kiev"]
[Date "2002.07.17"]
[Round "11"]
[White "Gordenko, Dmitry"]
[Black "Taborov, Boris"]
[Result "1/2-1/2"]
[WhiteElo "2347"]
[BlackElo "2458"]
[PlyCount "25"]
[EventDate "2002.07.07"]
[EventType "tourn"]
[EventRounds "11"]
[EventCountry "UKR"]
[EventCategory "4"]
[SourceTitle "EXT 2003"]
[Source "ChessBase"]
[SourceDate "2002.11.25"]
[SourceVersion "1"]
[SourceVersionDate "2002.11.25"]
[SourceQuality "1"]

1. d4 d5 2. c4 dxc4 3. Nf3 Nf6 4. e3 e6 5. Bxc4 c5 6. 0-0 a6 7. b3 b5 8. Be2 Bb7 9. Bb2 Nbd7 10. Nbd2 Be7 11. a4 bxa4 12. bxa4 0-0 13. dxc5 1/2-1/2

[Event "Sakharov Memorial 1st"]
[Site "Kiev"]
[Date "2002.07.12"]
[Round "6"]
[White "Kernazhitsky, Leonid"]
[Black "Gordenko, Dmitry"]
[Result "1-0"]
[WhiteElo "2390"]
[BlackElo "2347"]
[PlyCount "49"]
[EventDate "2002.07.07"]
[EventType "tourn"]
[EventRounds "11"]
[EventCountry "UKR"]
[EventCategory "4"]
[SourceTitle "EXT 2003"]
[Source "ChessBase"]
[SourceDate "2002.11.25"]
[SourceVersion "1"]
[SourceVersionDate "2002.11.25"]
[SourceQuality "1"]

1. e4 Nc6 2. Nf3 d5 3. exd5 Qxd5 4. Nc3 Qa5 5. Bb5 Bd7 6. d4 0-0-0 7. Bd2 a6 8. a4 e5 9. Bxc6 Bxc6 10. Nxe5 Bb4 11. Nxc6 bxc6 12. Ne2 Nf6 13. c3 Bd6 14. 0-0 Rhe8 15. Ng3 h5 16. Qf3 Re6 17. b4 Qd5 18. Qd3 c5 19. Qxa6+ Kd7 20. Qb5+ c6 21. Qb7+ Ke8 22. Rfe1 Rd7 23. Qa8+ Rd8 24. Qa6 cxd4 25. c4 1-0

[Event "Sakharov Memorial 1st"]
[Site "Kiev"]
[Date "2002.07.11"]
[Round "5"]
[White "Semenov, Dmitri"]
[Black "Gordenko, Dmitry"]
[Result "1/2-1/2"]
[WhiteElo "2309"]
[BlackElo "2347"]
[PlyCount "70"]
[EventDate "2002.07.07"]
[EventType "tourn"]
[EventRounds "11"]
[EventCountry "UKR"]
[EventCategory "4"]
[SourceTitle "EXT 2003"]
[Source "ChessBase"]
[SourceDate "2002.11.25"]
[SourceVersion "1"]
[SourceVersionDate "2002.11.25"]
[SourceQuality "1"]

1. g3 Nc6 2. Bg2 e5 3. e4 Nf6 4. Nc3 Bc5 5. Nge2 d6 6. 0-0 a6 7. h3 h5 8. d3 h4 9. g4 Qd7 10. Bf3 Nd4 11. Nxd4 Bxd4 12. Ne2 Ba7 13. d4 Nh7 14. Be3 Qe7 15. Bg2 g5 16. c4 Nf8 17. Qd2 Ne6 18. d5 Nf4 19. Nxf4 gxf4 20. Bxa7 Rxa7 21. b4 0-0 22. Bf3 Bd7 23. Kh2 b6 24. g5 a5 25. b5 Raa8 26. Rg1 Kg7 27. Bg4 Bxg4 28. Rxg4 Rh8 29. Rag1 Kg6 30. R4g2 Rh5 31. Qe2 Qd7 32. Qf3 Rah8 33. a4 Qc8 34. Qc3 Re8 35. Rg4 Qd8 1/2-1/2